000 00870nac a22002291u 4500
008 100916t xxu||||| |||| 00| 0 eng d
010 _a 75026490
020 _a0376032634
082 0 0 _a635.9823
_bGRE
100 _a20080729
_919359
110 _919358
_aSunset books
245 0 0 _aGreenhouse Gardening /
_cBy the Editors of Sunset Books and Sunset Magazine.
260 _aMenlo Park, Calif. :
_bLane Pub. Co.,
_cc.1976.
300 _a96 p. :
_bill. ;
_c28 cm.
490 0 _aA Sunset book
_919360
500 _aIncludes index.
511 _aCatalogued By: Mahitab.
650 0 _aGreenhouse management.
_919361
650 0 _aGreenhouses.
_919362
942 _cBB
_k635.9823GRE
_2ddc
999 _c6107
_d6107